00562nam a2200193Ia 4500003000900000008004100009020001800050040001600068080001800084100002400102245010400126260004800230300001500278650001200293650001700305650001400322650002300336650000900359IN-BaIIA211028s9999 xx 000 0 eng d a0-521-77989-8 cIIA Library a524.3-64bPER aPeraiah, Annamaneni 3aAn Introduction to radiative transferbmethods and applications in astrophysicscAnnamaneni Peraiah aCambridgebCambridge University Pressc2002 axii, 480p. aPlanets aPolarization aradiation aRadiative transfer aStar